Вып. 54; Прикладная геофизика

Bibliografiske detaljer
Parent link:Прикладная геофизика: сборник/ Всесоюзный научно-исследовательский институт геофизических методов разведки (ВНИИГеофизика). Вып. 54.— , 1945-1990
Andre forfattere: Полшков М. К. (редактор)
Sprog:russisk
Udgivet: 1969
Fag:
Format: MixedMaterials Bog
KOHA link:https://koha.lib.tpu.ru/cgi-bin/koha/opac-detail.pl?biblionumber=276866

MARC

LEADER 00000nam2a2200000 4500
001 276866
005 20231101234948.0
035 |a (RuTPU)RU\TPU\book\300139 
035 |a RU\TPU\book\300136 
090 |a 276866 
100 |a 20141126d1969 k y0rusy50 ca 
101 0 |a rus 
102 |a RU 
105 |a a z 001zy 
200 0 |a Вып. 54  |f под ред. М. К. Полшкова 
210 |d 1969 
215 |a 202 с.  |c ил. 
320 |a Библиогр. в конце статей 
461 1 |0 (RuTPU)RU\TPU\book\189489  |t Прикладная геофизика  |o сборник  |f Всесоюзный научно-исследовательский институт геофизических методов разведки (ВНИИГеофизика)  |v Вып. 54  |d 1945-1990 
606 1 |a Геофизика прикладная  |2 stltpush  |3 (RuTPU)RU\TPU\subj\6256  |9 34184 
610 1 |a волны 
610 1 |a отражение 
610 1 |a корреляционный анализ 
610 1 |a сейсмограммы 
610 1 |a годографы 
610 1 |a землетрясения 
610 1 |a электромагнитные поля 
610 1 |a электромагнитное зондирование 
610 1 |a гравиметры 
610 1 |a сейсмографы 
610 1 |a магнитное поле 
610 1 |a гравитационное поле 
610 1 |a гальванометры 
675 |a 550.83  |v 3 
702 1 |a Полшков  |b М. К.  |4 340 
801 1 |a RU  |b 63413507  |c 20141126 
801 2 |a RU  |b 63413507  |c 20160708  |g RCR 
942 |c BK